Città con gli Edifici più alti - Africa - Statistics

Statistiche generali
  • Questo quiz è stato fatto 9 volte
  • Il punteggio medio è 5 su 10
Statistiche sulle risposte
Edificio Altezza (m) Città % Corretto
Iconic Tower 393,8 Nuova Capitale Amministrativa
100%
Moschea di Hassan II 210 Casablanca
86%
The Leonardo 234 Johannesburg
86%
Carlton Centre 223 Johannesburg
86%
Mohammed VI Tower 250 Rabat
86%
Sede Centrale della Banca Commerciale d'Etopia 209,3 Addis Abeba
71%
D01 210 New Alamein
0%
D02 210 New Alamein
0%
D01M 210 New Alamein
0%
D02M 210 New Alamein
0%
Nessun quiz corrispondente trovato
Distribuzione punteggi
Percentuale di utenti per punteggio
Percentile per numero di risposta
I tuoi punteggi nel tempo
Non hai fatto questo quiz